000 00911nas a2200277 4500
001 BR8705164
003 BR-BrBNA
005 20231205090751.0
007 ta
008 230509b bl.|||p| |||| 00| 00por d
040 _aBR-BrBNA
_bpor
_cBiblioteca Nacional de Agricultura
041 _a(Pt)
072 _aH20
100 1 _aFeitosa, M.I.
100 1 _aPimentel, C.P.V.
100 1 _aOliveira, V.P. de
100 1 _aFaria, B.
245 1 _aCylindrocladium floridanum, fungo patogenico a cacaueiros (Theobroma cacao)no estado de Sao Paulo
246 1 _aCylindrocladium floridanum, fungus pathogenic to cocoa (Theobroma cacao)in the state of Sao Paulo
650 _aCACAU
650 _aPODRIDAO
650 _aSAO PAULO
773 0 _tFitopatologia Brasileira (Brazil)
_xISSN 0100-4150
_g(Oct 1986), v. 11(3) p. 455-463
_wBR8705164
909 _a202311
_bLúcia
_c55
_dLúcia Elande
942 _2AGRIS
_n0
_cANA
999 _c120726
_d120726